[Event "AUT-chT2W 0102"]
[Site "Austria"]
[Date "2001.11.23"]
[Round "4.2"]
[White "Grundherr, Martin"]
[Black "Sucher, Johannes"]
[Result "1-0"]
[WhiteElo "2305"]
[BlackElo "2234"]
[PlyCount "72"]
[EventDate "2001.10.12"]
[EventType "team"]
[EventRounds "11"]
[EventCountry "AUT"]
[SourceTitle "EXT 2002"]
[Source "ChessBase"]
[SourceDate "2001.11.25"]
[SourceVersion "1"]
[SourceVersionDate "2001.11.25"]
[SourceQuality "1"]

1. e4 d6 2. d4 Nf6 3. Nc3 g6 4. Nf3 Bg7 5. Be3 c6 6. Qd2 Ng4 7. Bg5 f6 8. h3 fxg5 9. hxg4 h6 10. Bc4 Bxg4 11. Nh2 Bd7 12. 0-0-0 b5 13. Bb3 a5 14. a4 Na6 15. Nf1 b4 16. Ne2 c5 17. Ne3 cxd4 18. Nxd4 Nc5 19. Nc4 Qc7 20. Nb5 Bxb5 21. axb5 a4 22. Qd5 Nxb3+ 23. cxb3 Rc8 24. Kb1 axb3 25. Rc1 Bc3 26. Ne3 Qa5 27. Qxb3 Qa8 28. bxc3 Qxe4+ 29. Qc2 Qe6 30. c4 Ra8 31. Nd5 Qe5 32. Qb2 Qe4+ 33. Rc2 Kf7 34. f3 Qd3 35. Nxb4 Qf5 36. g4 Qc5 1-0

[Event "AUT-chT2W 0102"]
[Site "Austria"]
[Date "2001.10.14"]
[Round "3.2"]
[White "Grundherr, Martin"]
[Black "Ferrari, Josef"]
[Result "1/2-1/2"]
[WhiteElo "2305"]
[BlackElo "2131"]
[PlyCount "110"]
[EventDate "2001.10.12"]
[EventType "team"]
[EventRounds "11"]
[EventCountry "AUT"]
[SourceTitle "EXT 2002"]
[Source "ChessBase"]
[SourceDate "2001.11.25"]
[SourceVersion "1"]
[SourceVersionDate "2001.11.25"]
[SourceQuality "1"]

1. e4 e5 2. Nf3 Nc6 3. Nc3 Nf6 4. g3 d5 5. exd5 Nxd5 6. Bg2 Nxc3 7. bxc3 Be7 8. 0-0 0-0 9. Re1 Bf6 10. Rb1 Rb8 11. d3 b6 12. a4 Bb7 13. Ba3 Re8 14. Nd2 Na5 15. Ne4 Be7 16. Bb4 Nc6 17. Bxe7 Qxe7 18. d4 exd4 19. cxd4 f5 20. Nc3 Qxe1+ 21. Qxe1 Rxe1+ 22. Rxe1 Nxd4 23. Nd5 c6 24. Ne3 g6 25. c3 Nb3 26. Nc4 Rd8 27. h4 Nc5 28. Re7 Rd7 29. Rxd7 Nxd7 30. Nd6 Ba8 31. Nc8 Nc5 32. Nxa7 Nxa4 33. c4 Nb2 34. Nxc6 Nxc4 35. Ne7+ Kf7 36. Bxa8 Kxe7 37. Bd5 Nd6 38. Kf1 h6 39. Ke2 g5 40. hxg5 hxg5 41. Kd3 Kf6 42. Kd4 Nb5+ 43. Kc4 Nc7 44. Bb7 Ke5 45. Bc6 Kd6 46. Bb7 Ke5 47. Bc6 f4 48. gxf4+ Kxf4 49. Kd4 Ne6+ 50. Kc4 g4 51. Bd7 Nc7 52. Bc6 Ne6 53. Bd7 Nc5 54. Bc8 Ne4 55. Bxg4 Kxg4 1/2-1/2

[Event "AUT-chT2W 0102"]
[Site "Austria"]
[Date "2001.10.12"]
[Round "1.2"]
[White "Grundherr, Martin"]
[Black "Galdunts, Sergey"]
[Result "0-1"]
[WhiteElo "2305"]
[BlackElo "2510"]
[PlyCount "55"]
[EventDate "2001.10.12"]
[EventType "team"]
[EventRounds "11"]
[EventCountry "AUT"]
[SourceTitle "EXT 2002"]
[Source "ChessBase"]
[SourceDate "2001.11.25"]
[SourceVersion "1"]
[SourceVersionDate "2001.11.25"]
[SourceQuality "1"]

1. e4 d6 2. d4 Nf6 3. Nc3 Nbd7 4. Nf3 e5 5. g3 Be7 6. Bg2 0-0 7. 0-0 c6 8. a4 a5 9. Re1 Re8 10. h3 Qc7 11. b3 Bf8 12. Ba3 b6 13. Bf1 Bb7 14. Qd2 exd4 15. Nxd4 Rad8 16. Bg2 Nc5 17. Rad1 Qc8 18. f4 d5 19. e5 Nfe4 20. Nxe4 Nxe4 21. Bxe4 dxe4 22. Bxf8 Rxf8 23. Qh2 Qd7 24. e6 fxe6 25. Qe2 c5 26. Nf3 Qc6 27. Ne5 Qc7 28. Nc4 0-1